|
|
|
|
| LEADER |
00000nam a2200000 a 4500 |
| 001 |
UCU7378 |
| 003 |
CL-VaPUC |
| 008 |
960705e19960000CL |||||||||||||||||spa|d |
| 082 |
0 |
4 |
|a 345.83
|b COD
|2 21
|
| 245 |
1 |
0 |
|a Código penal: aprobada por decreto N§ 531, de 24 de marzo de 1994, del Ministerio de Justicia
|
| 250 |
|
|
|a 14a. ed
|
| 300 |
|
|
|a 411 p
|
| 942 |
|
|
|c BK
|
| 945 |
|
|
|d 19960705 00:00:00
|a rbrito
|
| 260 |
|
|
|a Santiago
|b Jurídica
|c 1996
|
| 500 |
|
|
|a Apéndice actualizado a enero de 1996
|
| 650 |
|
7 |
|a DERECHO PENAL
|2 CL-VaPUC
|9 11
|
| 650 |
|
0 |
|a Delito
|9 336975
|
| 650 |
|
0 |
|a Código penal
|9 255935
|
| 651 |
|
7 |
|a CHILE
|2 CL-VaPUC
|9 366183
|
| 583 |
|
|
|a last modification
|c 19960705 00:00:00
|k Rodrigo Vera
|
| 999 |
|
|
|c 250037
|d 250035
|
| 952 |
|
|
|0 0
|1 0
|2 ddc
|4 0
|5 1
|6 345_830000000000000_COD_1996
|7 1
|8 C_LRYV
|9 267714
|a FDOBRV
|b BIBDER
|d 2019-11-19
|i 3284948
|o 345.83 COD 1996
|p 3284948
|r 2023-01-25
|w 2019-11-19
|y BK_X
|k DER
|